| 000 | 01125cam a2200313 a 4500 | ||
|---|---|---|---|
| 999 |
_c8273 _d8273 |
||
| 001 | 8273 | ||
| 003 | BD-JhCC | ||
| 005 | 20180718193609.0 | ||
| 008 | 970303s1998 maua b 001 0 eng | ||
| 020 | _a0195213769 (set : acidfree paper) | ||
| 035 | _a(BD-JhCC)8273 | ||
| 040 |
_aDLC _cDLC _dDLC _dBD-JhCC |
||
| 041 | _aeng | ||
| 050 | 0 | 0 |
_aHM251 _b.H224 1998 |
| 082 | 0 | 0 |
_a302 _221 _bHAN 1998 |
| 245 | 0 | 4 |
_aThe handbook of social psychology / _c[edited by] Daniel T. Gilbert, Susan T. Fiske, Gardner Lindzey. |
| 250 | _a4th ed. | ||
| 260 |
_aBoston : _bMcGraw-Hill ; _aNew York : _bDistributed exclusively by Oxford University Press, _cc1998. |
||
| 300 |
_a2 v. : _bill. ; _c26 cm. |
||
| 504 | _aIncludes bibliographical references and indexes. | ||
| 650 | 0 | _aSocial psychology. | |
| 700 | 1 | _aGilbert, Daniel Todd. | |
| 700 | 1 | _aFiske, Susan T. | |
| 700 | 1 | _aLindzey, Gardner. | |
| 856 | 4 | 2 |
_3Publisher description _uhttp://www.loc.gov/catdir/enhancements/fy0605/97005436-d.html |
| 856 | 4 | 1 |
_3Table of contents only _uhttp://www.loc.gov/catdir/enhancements/fy0605/97005436-t.html |
| 942 |
_2ddc _cBK |
||